000 00375nam a2200121Ia 4500
008 220620s9999||||xx |||||||||||||| ||und||
245 0 _aTechniques and Innovation in Hernia Surgery
546 _aEnglish[eng]
650 _aGeneral surgery
700 _aGuttadauro, Angelo
856 _uhttps://mts.intechopen.com/storage/books/9113/authors_book/authors_book.pdf
942 _cEB
999 _c32661
_d32661